000 00453nab a2200145Ia 4500
003 ES-SlBCS
005 20211013145622.0
008 140529s1997 xxu||||| |||| 00| 0 spa d
041 _aspa
100 1 _aBiord Castillo, Raúl
_970054
245 0 0 _aLógica de la analogía. De la metáfora a la anáfora
_c Raúl Biord Castillo
650 0 4 _aAnalogía-Metáfora
_9220409
773 0 _tAnthropos
_gvol. 18, nº. 34, 1997, págs. 27-48
_wRev38
942 _cAR
999 _c615258
_d615258